书目信息 |
| 题名: |
中国旅游目的地发展年度报告
|
|
| 作者: | 邹统钎 主编 | |
| 分册: | 2008 | |
| 出版信息: | 北京 旅游教育出版社 2008.11 |
|
| 页数: | 332页 | |
| 开本: | 21cm | |
| 丛书名: | ||
| 单 册: | ||
| 中图分类: | F592.3 | |
| 科图分类: | ||
| 主题词: | 旅游点--lu you dian--经济发展--研究报告--中国--2008 | |
| 电子资源: | ||
| ISBN: | 978-7-5637-1763-7 | |
| 000 | 01009nam0 2200241 450 | |
| 001 | 012009007968 | |
| 005 | 20090916164046.64 | |
| 010 | @a978-7-5637-1763-7@dCNY26.00 | |
| 100 | @a20090916d2008 em y0chiy0120 ea | |
| 101 | 0 | @achi |
| 102 | @aCN@b110000 | |
| 105 | @ak z 000yy | |
| 106 | @ar | |
| 200 | 1 | @a中国旅游目的地发展年度报告@Azhong guo lu you mu di di fa zhan nian du bao gao@d= Annual report on the development of China's tourism destinations@h2008@f邹统钎主编@Fzou tong qian zhu bian@zeng |
| 210 | @a北京@c旅游教育出版社@d2008.11 | |
| 215 | @a332页@d21cm | |
| 330 | @a本书包括了2008年的中国旅游目的地发展年度总报告、长三角地区年度旅游报告、珠三角地区旅游目的地发展研究报告、环渤海经济圈旅游研究报告等。 | |
| 510 | 1 | @aAnnual report on the development of China's tourism destinations@zeng |
| 606 | 0 | @a旅游点@Alu you dian@x经济发展@x研究报告@y中国@z2008 |
| 690 | @aF592.3@v4 | |
| 701 | 0 | @a邹统钎@Azou tong qian@4主编 |
| 801 | 0 | @aCN@bQSSK@c20090916 |
| 905 | @b751849-51@dF592.3@eZ969@f3 | |
| 中国旅游目的地发展年度报告= Annual report on the development of China's tourism destinations.2008/邹统钎主编.-北京:旅游教育出版社,2008.11 |
| 332页;21cm |
| ISBN 978-7-5637-1763-7:CNY26.00 |
| 本书包括了2008年的中国旅游目的地发展年度总报告、长三角地区年度旅游报告、珠三角地区旅游目的地发展研究报告、环渤海经济圈旅游研究报告等。 |
| ● |
| 相关链接 |
|
|
|
正题名:中国旅游目的地发展年度报告
索取号:F592.3/Z969
 
预约/预借
| 序号 | 登录号 | 条形码 | 馆藏地/架位号 | 状态 | 备注 |
| 1 | 751849 | 207518499 | 社科库409/409社科库 39排7列3层/ [索取号:F592.3/Z969] | 在馆 | |
| 2 | 751850 | 207518505 | 社科库409/400B社科库 3排3列3层/ [索取号:F592.3/Z969] | 在馆 | |
| 3 | 751851 | 207518514 | 社科二线422/409社科库 39排7列3层/ [索取号:F592.3/Z969] | 在馆 |